[Event "Fermo Province-ch"]
[Site "Fermo"]
[Date "2009.02.15"]
[Round "5"]
[White "Guglielmi, Dante"]
[Black "Giri, Giovanni"]
[Result "1-0"]
[WhiteElo "1900"]
[BlackElo "1827"]
[PlyCount "85"]
[EventDate "2009.01.31"]
[EventType "swiss"]
[EventRounds "6"]
[EventCountry "ITA"]
[SourceTitle "EXT 2011"]
[Source "ChessBase"]
[SourceDate "2010.11.26"]
[SourceVersion "1"]
[SourceVersionDate "2010.11.26"]
[SourceQuality "1"]

1. c4 Nf6 2. Nc3 g6 3. g3 Bg7 4. Bg2 0-0 5. e3 d6 6. Nge2 e5 7. 0-0 c6 8. d4 Qe7 9. Qc2 Re8 10. b4 e4 11. b5 Bf5 12. bxc6 bxc6 13. Ba3 Nbd7 14. Qa4 Rec8 15. Rab1 Nf8 16. Qb4 Ne8 17. Qb7 Nd7 18. Rfe1 h5 19. Rec1 Nef6 20. h3 Nh7 21. Nf4 Ng5 22. Qb4 Nf3+ 23. Kh1 Qg5 24. h4 Qh6 25. Qb2 g5 26. hxg5 Nxg5 27. Qc2 h4 28. gxh4 Qxh4+ 29. Kg1 Nf6 30. Nce2 Ng4 31. Ng3 Qh2+ 32. Kf1 Nxe3+ 33. fxe3 Qxg3 34. Qf2 Qxf2+ 35. Kxf2 c5 36. dxc5 dxc5 37. Nd5 Bf8 38. Rh1 Ne6 39. Nf6+ Kg7 40. Bb2 Kg6 41. Nxe4 Bxe4 42. Bxe4+ Kg5 43. Rbg1# 1-0

[Event "Fermo Province-ch"]
[Site "Fermo"]
[Date "2009.02.01"]
[Round "3"]
[White "Giobbi, Costantino"]
[Black "Giri, Giovanni"]
[Result "0-1"]
[WhiteElo "1950"]
[BlackElo "1827"]
[PlyCount "72"]
[EventDate "2009.01.31"]
[EventType "swiss"]
[EventRounds "6"]
[EventCountry "ITA"]
[SourceTitle "EXT 2011"]
[Source "ChessBase"]
[SourceDate "2010.11.26"]
[SourceVersion "1"]
[SourceVersionDate "2010.11.26"]
[SourceQuality "1"]

1. Nf3 Nf6 2. d4 g6 3. c4 Bg7 4. Nc3 0-0 5. e4 d6 6. Be2 e5 7. 0-0 Nc6 8. d5 Ne7 9. b4 a5 10. Ba3 Nd7 11. bxa5 Rxa5 12. Bb4 Ra8 13. Qb3 Nc5 14. Bxc5 dxc5 15. Rfd1 h6 16. Nb5 Ra6 17. Nd2 f5 18. Qe3 fxe4 19. Nxe4 Nf5 20. Qxc5 Qh4 21. f3 Nd4 22. Nxd4 exd4 23. g3 Qh5 24. Rd3 Qe5 25. Bf1 Rxf3 26. Rxf3 Qxe4 27. Bg2 d3 28. Qxc7 Qd4+ 29. Kh1 Qxa1+ 30. Rf1 Qxa2 31. Qxc8+ Kh7 32. Be4 Qe2 33. Bg2 Ra2 34. Rg1 d2 35. Qe6 Qxg2+ 36. Rxg2 d1Q+ 0-1

[Event "Assisi op-B 4th"]
[Site "Assisi"]
[Date "2008.12.22"]
[Round "6"]
[White "Cesarini, Leopoldo"]
[Black "Giri, Giovanni"]
[Result "1-0"]
[WhiteElo "1920"]
[BlackElo "1836"]
[PlyCount "53"]
[EventDate "2008.12.20"]
[EventType "swiss"]
[EventRounds "7"]
[EventCountry "ITA"]
[SourceTitle "EXT 2011"]
[Source "ChessBase"]
[SourceDate "2010.11.26"]
[SourceVersion "1"]
[SourceVersionDate "2010.11.26"]
[SourceQuality "1"]

1. Nf3 Nf6 2. d4 g6 3. g3 Bg7 4. Bg2 0-0 5. 0-0 d6 6. Nc3 d5 7. Bf4 c6 8. Qd2 Bf5 9. Nh4 Qd7 10. Nxf5 Qxf5 11. f3 Na6 12. g4 Qd7 13. Bh6 Rfe8 14. Bxg7 Kxg7 15. h3 e5 16. e3 Re7 17. Rf2 Rae8 18. Raf1 Qd6 19. f4 exd4 20. exd4 Ne4 21. Bxe4 dxe4 22. Qe3 f5 23. a3 Nc7 24. gxf5 gxf5 25. Rg2+ Kh8 26. d5 Nxd5 27. Nxd5 1-0

[Event "Assisi op-B 4th"]
[Site "Assisi"]
[Date "2008.12.22"]
[Round "5"]
[White "Migliozzi, Giuseppe"]
[Black "Giri, Giovanni"]
[Result "0-1"]
[WhiteElo "1569"]
[BlackElo "1836"]
[PlyCount "96"]
[EventDate "2008.12.20"]
[EventType "swiss"]
[EventRounds "7"]
[EventCountry "ITA"]
[SourceTitle "EXT 2011"]
[Source "ChessBase"]
[SourceDate "2010.11.26"]
[SourceVersion "1"]
[SourceVersionDate "2010.11.26"]
[SourceQuality "1"]

1. Nf3 Nf6 2. b3 g6 3. Bb2 Bg7 4. c4 0-0 5. d4 d6 6. e3 Nbd7 7. Bd3 Re8 8. d5 Nc5 9. Bc2 e5 10. dxe6 Nxe6 11. 0-0 Bd7 12. Nbd2 Bc6 13. Nd4 Nxd4 14. exd4 d5 15. Nf3 b6 16. Ne5 Bb7 17. c5 bxc5 18. dxc5 Ne4 19. Bxe4 Bxe5 20. Bxe5 Rxe5 21. Bf3 Qe7 22. Qd4 c6 23. b4 Ba6 24. Rfd1 Re8 25. g3 Be2 26. Bxe2 Rxe2 27. Kg2 Qe4+ 28. Qxe4 R8xe4 29. Kf3 Rb2 30. a3 Ree2 31. Rf1 Kg7 32. Rae1 Re6 33. Rxe6 fxe6 34. Re1 Kf6 35. h4 e5 36. g4 e4+ 37. Kg3 a5 38. bxa5 Rb5 39. a6 Ra5 40. g5+ Kf5 41. Rb1 Rxa3+ 42. Kg2 Rxa6 43. Rb7 Ra5 44. Rf7+ Kg4 45. Rxh7 Rxc5 46. Rh6 Rc2 47. Kf1 Kf3 48. Rxg6 Rc1# 0-1

[Event "Assisi op-B 4th"]
[Site "Assisi"]
[Date "2008.12.20"]
[Round "2"]
[White "Marcugini, Stefano"]
[Black "Giri, Giovanni"]
[Result "0-1"]
[WhiteElo "1931"]
[BlackElo "1836"]
[PlyCount "108"]
[EventDate "2008.12.20"]
[EventType "swiss"]
[EventRounds "7"]
[EventCountry "ITA"]
[SourceTitle "EXT 2010"]
[Source "ChessBase"]
[SourceDate "2010.11.25"]
[SourceVersion "1"]
[SourceVersionDate "2010.11.25"]
[SourceQuality "1"]

1. e4 e6 2. d4 d5 3. exd5 exd5 4. Bd3 Bd6 5. Ne2 Ne7 6. 0-0 0-0 7. Bf4 Bg4 8. f3 Bf5 9. Na3 c6 10. c3 Re8 11. Nc2 Bg6 12. Ne3 Bxd3 13. Qxd3 Bxf4 14. Nxf4 Qd6 15. Nh3 Nd7 16. Rae1 Nf8 17. Re2 Qg6 18. Qxg6 Nfxg6 19. Rfe1 Kf8 20. Nf2 Nf4 21. Rd2 Nf5 22. Nc2 Rxe1+ 23. Nxe1 Re8 24. Ned3 Nh4 25. Rd1 Nhxg2 26. Nc5 Re7 27. Ng4 f6 28. Nf2 Nh4 29. Nfd3 Nxf3+ 30. Kf2 Nxd3+ 31. Rxd3 Nxh2 32. Rh3 Ng4+ 33. Kg3 Nh6 34. Kf2 Kg8 35. b3 Nf7 36. c4 dxc4 37. bxc4 Nd6 38. Rb3 b6 39. Na6 Nxc4 40. Nb8 Re6 41. Rb4 Ne3 42. Ra4 a5 43. Na6 Nd5 44. Ra3 g5 45. Rb3 h5 46. Nb8 Kf7 47. Nd7 b5 48. Nc5 Re7 49. Rb1 Kg6 50. Rc1 Ne3 51. Nd3 Nc4 52. a4 Re4 53. axb5 cxb5 54. Nc5 Rxd4 0-1

[Event "Porto Sant Elpidio op-B 6th"]
[Site "Porto Sant Elpidio"]
[Date "2003.11.23"]
[Round "6"]
[White "Di Cicco, Daniela"]
[Black "Giri, Giovanni"]
[Result "0-1"]
[WhiteElo "1338"]
[BlackElo "1515"]
[PlyCount "142"]
[EventDate "2003.11.15"]
[EventType "swiss"]
[EventRounds "6"]
[EventCountry "ITA"]
[SourceTitle "EXT 2024"]
[Source "ChessBase"]
[SourceDate "2023.10.10"]
[SourceVersion "1"]
[SourceVersionDate "2023.10.10"]
[SourceQuality "1"]

1. d4 Nf6 2. Nf3 g6 3. e3 Bg7 4. Bd3 0-0 5. 0-0 d6 6. Nbd2 Nbd7 7. e4 e5 8. c3 Bh6 9. Re1 Re8 10. Nf1 Bxc1 11. Qxc1 Kg7 12. h3 Nh5 13. Kh2 Nf4 14. Bc2 Nf6 15. Ng3 N6h5 16. Nxh5+ Nxh5 17. Rh1 Nf4 18. Ng1 Qf6 19. g3 Ne2 20. Qe3 Nxg1 21. Raxg1 Qe6 22. g4 Bd7 23. Bb3 Qf6 24. g5 Qf4+ 25. Qxf4 exf4 26. f3 c6 27. Kg2 f5 28. Bc2 fxe4 29. Bxe4 d5 30. Bd3 Re3 31. Rd1 Rae8 32. Kf2 Bf5 33. Bf1 Bc2 34. Rc1 Bd3 35. Bxd3 Rxd3 36. Rc2 Ree3 37. Kg2 Rxf3 38. h4 h6 39. Kg1 Rg3+ 40. Rg2 Rxg2+ 41. Kxg2 hxg5 42. hxg5 Rg3+ 43. Kf2 Rxg5 44. Kf3 Rf5 45. Re1 Kf7 46. Rh1 Kg7 47. Re1 Rf7 48. Rf1 g5 49. Kg4 Kg6 50. Rf3 Re7 51. Rf2 Re3 52. Rg2 b5 53. a3 a5 54. Rg1 Re2 55. Rb1 Rg2+ 56. Kf3 Rg3+ 57. Ke2 g4 58. Rf1 Kf5 59. Rf2 Ke4 60. Kd2 Rd3+ 61. Kc2 Ke3 62. Rg2 g3 63. Kb3 Rd2 64. Rg1 g2 65. Re1+ Re2 66. Rg1 Kf2 67. Rc1 g1Q 68. Rxg1 Kxg1 69. a4 bxa4+ 70. Kxa4 Rxb2 71. Kxa5 f3 0-1

[Event "Porto Sant Elpidio op-B 6th"]
[Site "Porto Sant Elpidio"]
[Date "2003.11.23"]
[Round "5"]
[White "Morici, Marco"]
[Black "Giri, Giovanni"]
[Result "1-0"]
[WhiteElo "1606"]
[BlackElo "1515"]
[PlyCount "103"]
[EventDate "2003.11.15"]
[EventType "swiss"]
[EventRounds "6"]
[EventCountry "ITA"]
[SourceTitle "EXT 2024"]
[Source "ChessBase"]
[SourceDate "2023.10.10"]
[SourceVersion "1"]
[SourceVersionDate "2023.10.10"]
[SourceQuality "1"]

1. c4 Nf6 2. Nc3 g6 3. d4 Bg7 4. e4 d6 5. Be2 0-0 6. Nf3 e5 7. Be3 Nc6 8. d5 Ne7 9. 0-0 Nd7 10. Ne1 f5 11. f3 f4 12. Bf2 g5 13. g4 fxg3 14. hxg3 Nf6 15. Kg2 Ng6 16. c5 Rf7 17. cxd6 cxd6 18. Rc1 a6 19. Na4 Bd7 20. Nb6 Rb8 21. a4 Nh5 22. Nd3 Qf6 23. Nxd7 Rxd7 24. f4 Nhxf4+ 25. gxf4 gxf4 26. Rh1 Rf7 27. Bg4 Qg5 28. Kf3 Kf8 29. Rxh7 Bh6 30. Rxf7+ Kxf7 31. Rc7+ Kf8 32. Qh1 Kg8 33. Qh5 Qxh5 34. Bxh5 Nf8 35. Bh4 Nh7 36. Bf7+ Kf8 37. Be6 Ng5+ 38. Bxg5 Bxg5 39. Rc8+ Rxc8 40. Bxc8 b5 41. axb5 axb5 42. b4 Ke7 43. Ba6 Kd8 44. Bxb5 Kc7 45. Bc6 Kb6 46. Nb2 Bh4 47. Nc4+ Kc7 48. b5 Be7 49. b6+ Kb8 50. Na3 Bd8 51. b7 Bc7 52. Nb5 1-0